|
|
|
|
| LEADER |
00000nam a2200000 a 4500 |
| 001 |
vtls001386016 |
| 003 |
SK-MaSNL |
| 005 |
20260302000832.0 |
| 008 |
251029s1997 hu aba r yy hun |
| 015 |
|
|
|a SNBZSA2000-00169
|
| 020 |
|
|
|a 963847226X
|
| 035 |
|
|
|a SNK000340164
|
| 035 |
|
|
|a urn:nbn:sk:snk-amkkw8
|
| 035 |
|
|
|a urn:nbn:sk:snk-am008ir6
|
| 035 |
|
|
|a 8ECF7ABB-2589-4703-BE31-7FBBE7E08807
|
| 040 |
|
|
|a SNK
|b slo
|c SNK
|e AACR2
|
| 041 |
0 |
|
|a hun
|
| 044 |
|
|
|a HU
|
| 080 |
|
|
|a 348.73:332.2(439.2)"17/18"=945.11
|2 1981
|
| 080 |
|
|
|a 332.2:28(439.2)"17/18"
|2 1981
|
| 100 |
1 |
|
|a Dóka, Klára,
|d 1944-
|4 aut
|9 22836
|
| 245 |
1 |
0 |
|a Egyházi birtokok Magyarországon a 18.-19. században
|c Dóka Klára
|
| 260 |
|
|
|a Budapest
|b Magyar Egyháztörténeti Enciklopédia Munkaközösség
|c 1997
|
| 300 |
|
|
|a 463 s.
|b mp., tab.
|c 24 cm
|
| 490 |
1 |
|
|a METEM-könyvek
|x 1217-2669
|v 19
|
| 500 |
|
|
|a Fareb. ilustr. na obál.
|
| 504 |
|
|
|a Bibliogr. s. 317-324. Rôzne reg. Res. angl. a nem. Skrat.
|
| 650 |
0 |
7 |
|a cirkvi
|z Uhorsko
|x majetky cirkevné
|y stor. 18.-19.
|2 SNK
|9 635940
|
| 650 |
0 |
7 |
|a majetky cirkevné
|z Uhorsko
|y stor. 18.-19.
|2 SNK
|9 635941
|
| 655 |
|
7 |
|a príručky
|2 SNK
|9 74364
|
| 830 |
|
0 |
|a METEM-könyvek
|x 1217-2669
|9 295043
|
| 919 |
|
|
|a 963-8472-26-X
|
| 958 |
|
|
|a OND
|
| 958 |
|
|
|a ZS
|
| 958 |
|
|
|a TL
|
| 958 |
|
|
|a NB
|
| 958 |
|
|
|a HU
|
| 958 |
|
|
|a NT
|
| 999 |
|
|
|c 981288
|d 983218
|
| 952 |
|
|
|t P60, <03>, [BOOK], {603}
|a SNK
|b SNK
|y PREZ
|7 0
|p 17A0237691
|o snkSC 101833
|i snkV 858/2000
|0 0
|1 0
|4 0
|d 2000-05-31
|f 1
|l 0
|r 2025-09-23 00:00:00
|w 2026-02-24
|